El proceso del aprendizaje y la instrucción programada

Uloženo v:
Podrobná bibliografie
Hlavní autor: Green, Edward J (Autor)
Médium: Kniha
Jazyk:španělština
Vydáno: Buenos Aires Troquel 1965
Témata:
Tagy: Přidat tag
Žádné tagy, Buďte první, kdo vytvoří štítek k tomuto záznamu!

MARC

LEADER 00000nam a2200000 a 4500
001 UCU0574
003 CL-VaPUC
008 960322e19650000AG |||||||||||||||||spa|d
082 0 4 |a 371.394  |b GRE  |2 21 
100 |a Green, Edward J  |e author  |9 359960 
245 1 3 |a El proceso del aprendizaje y la instrucción programada 
300 |a 197 p 
942 |c BK 
945 |d 19960322 00:00:00  |a lriquelm 
260 |a Buenos Aires  |b Troquel  |c 1965 
650 7 |a ENSEÑANZA PROGRAMADA  |2 CL-VaPUC  |9 263217 
650 0 |a Procesos de aprendizaje  |9 309161 
650 0 |a Psicología educacional   |9 307830 
650 0 |a Métodos de aprendizaje  |9 334464 
583 |a last modification  |c 19960322 00:00:00  |k Rodrigo Vera 
999 |c 245414  |d 245412 
952 |0 0  |1 0  |4 0  |6 371_394000000000000_GRE_1965  |7 0  |8 P  |9 259913  |a BIBEDU  |b BIBEDU  |c BIBEDU_PB  |d 2019-11-19  |i 1637207  |o 371.394 GRE 1965  |p 1637207  |r 2024-01-25  |w 2019-11-19  |y BK  |k EDU